| 000 | 00799nam a22001935i 4500 | ||
|---|---|---|---|
| 001 | 157180 | ||
| 003 | ES-MaACL | ||
| 005 | 20250930063135.0 | ||
| 008 | 940301s1876 sp |||| | spa d | ||
| 040 |
_aAS _bspa |
||
| 100 | 1 |
_aLasso de la Vega, Ángel, _d1831-1899 _9128726 |
|
| 245 | 1 | 0 |
_aHistoria y juicio critico de la Escuela poética sevillana en los siglos XVIII y XIX _b: memoria escrita / _cpor Angel Lasso de la Vega y Argüelles. |
| 260 |
_aMadrid : _b[s.n.], _c1876 ( _fImprenta y fundición de Manuel Tello) |
||
| 300 |
_a288 p. ; _c25 cm. |
||
| 500 | _aObra premiada por la Real Academia Sevillana de Buenas Letras... | ||
| 650 | 4 |
_aPoesía española- _zAndalucía- _xHistoria y crítica. _9151205 |
|
| 852 |
_aES-MaACL _jG-8084(2) _z-- Enc. hol. |
||
| 999 |
_c157180 _d157180 |
||